000 01374nam0a22002891 4500
001 rc\305231
005 20030307121910.6
035 _a(NLR Aleph) 005540801
090 _a5708196
_c5708196
100 _a20030307d1990 u |0rusy50 ca
101 0 _arus
102 _aRU
105 _ay |||||||||
200 1 _aСОЦИАЛЬНОЕ рыночное хозяйство: история, концепция, итоги
_eРеферат
_f[К. э. н. М.З. Штернгарц
_gОтв. ред. Т.Д. Мацаонашвили]
210 _aМ.
_cИНИОН
_d1990
215 _a15 с.
_d28
225 1 _aСпециализированная информация
_fАН СССР. ИНИОН
_v№ 16/1269
225 1 _aСерия "Социально-политические проблемы стран Европы"
300 _aСведения о реф. изд.: Soziale Marktwirts-chaft: Geschichte, Konzept, Leistung / Gros ser D, Lange Th., Muller - Armack A., Neuss B. - Stuttgart etc.: Kohlhmemer, 1988. - IX, 2035
701 1 _aШтернгарц
_bМ. З.
702 1 _aМацонашвили
_bТ. Н.
_4340
712 0 2 _aИнститут науч. информации по общественным наукам
_cМосква
_3RU\NLR\AUTH\88992
801 0 _aRU
_bNLR
_gpsbo
801 1 _aRU
_bELAR
_2rusmarc
852 _aNLR
_j90-8/954
942 _cBOOK
980 _aNB